Score 0/18 Timer 03:00
0 Plays Today
Clue 4-Letter Answer % Correct
A group that plays musicBAND
98.9%
• Meat obtained from a cow •• BEEF •
98%
Heaven's oppositeHELL
98%
Force a curve into a straight objectBEND
97.4%
The back part of the footHEEL
97.3%
Underwater structure made of coralREEF
97%
Popular brand of rice - Uncle ____BEN'S
96.3%
A narrow corridor in a buildingHALL
96.3%
Long-eared rabbit relativeHARE
96.1%
Clue 4-Letter Answer % Correct
Fee for riding a busFARE
95.7%
A device used to catch fishREEL
95.2%
• Golfer's warning •• FORE •
93.5%
Inhabitants of an apiaryBEES
92.3%
RippedTORE
92%
HealthyHALE
91.8%
• Solid ground •• (THE) LAND •
88.5%
Large bookTOME
84.7%
• The 4th dimension? •• TIME •
80.1%

Today's Daily Dose

Word Ladder
Athletics

Remove Ads.
Support Sporcle.
Get the best of Sporcle when you Go Orange. This ad-free experience offers more features, more stats, and more fun while also helping to support Sporcle. Thank you for becoming a member.

You're not logged in!

Compare scores with friends on all Sporcle quizzes.
OR
Log In

Show Comments

Extras

Top Quizzes Today


Score Distribution

Your Account Isn't Verified!

In order to create a playlist on Sporcle, you need to verify the email address you used during registration. Go to your Sporcle Settings to finish the process.

Report this User

Report this user for behavior that violates our Community Guidelines.

Details: